| 000 -LEADER | |
|---|---|
| fixed length control field | 00455nam a22001337a 4500 |
| 020 ## - INTERNATIONAL STANDARD BOOK NUMBER | |
| ISBN | 0801022282 |
| 050 ## - LIBRARY OF CONGRESS CALL NUMBER | |
| Classification number | BS 1199 kai |
| 100 ## - MAIN ENTRY--AUTHOR NAME | |
| Personal name | KAISER, Walter C. |
| 245 ## - TITLE STATEMENT | |
| Title | Mission in the Old Testament; Israel as a light to the nations |
| 260 ## - PUBLICATION, DISTRIBUTION, ETC. (IMPRINT) | |
| Place of publication | Grand Rapids, Michigan |
| Name of publisher | Baker Books |
| Year of publication | 2000 |
| 300 ## - PHYSICAL DESCRIPTION | |
| Number of Pages | 102p.;includes bibliographical references & indexes |
| 650 ## - SUBJECT ADDED ENTRY--TOPICAL TERM | |
| Topical Term | 1. Mission- Biblical teaching 2.Bible O.T. criticism- Interpretation |
| 942 ## - ADDED ENTRY ELEMENTS (KOHA) | |
| Koha item type | Books |
| Koha item type | Collection code | Shelving location | Accession Number | Permanent Location | Current Location | Date acquired | Full call number |
|---|---|---|---|---|---|---|---|
| Books | Lending | Lending | 7152 | Chapman Library | Chapman Library | 2018-05-15 | BS 1199 kai |
| Books | Lending | Lending | 7166 | Chapman Library | Chapman Library | 2018-05-15 | BS 1199 kai |

